[Event "ICS Rated blitz match"]
[Site "207.99.83.227"]
[Date "1999.04.22"]
[Round "?"]
[White "rajah"]
[Black "Hossa"]
[Result "0-1"]
[WhiteElo "2470"]
[BlackElo "2425"]
[Annotator "Fritz 5.32 (10s)"]
[PlyCount "102"]

1. d4 e6 2. e4 d5 3. Nc3 dxe4 4. Nxe4 Qd5 5. Nc3 Bb4 6. Nge2 (6. Nf3 b6 (6...
Nf6 7. Bd3 Ne4 8. O-O Nxc3 9. bxc3 Bxc3 10. Rb1 c6 11. Rb3 Bxd4 12. c4 Qd8 13.
Nxd4 Qxd4 14. Qh5 Nd7 15. Bb2 Qc5 16. Qh4 Qe7 17. Qg3 f6 18. Ba3 c5 19. Bxh7
Ne5 20. Be4 g5 21. f4 gxf4 22. Rxf4 Qd6 23. Bb2 Rf8 24. Rf1 Ke7 25. Bxb7 Bxb7
26. Rxb7+ Ke8 27. Bxe5 Qxe5 28. Qg6+ Kd8 29. Qg7 Qd6 30. Rfb1 Kc8 31. h4 Qd4+
32. Kh1 Qxh4+ 33. Kg1 Qd4+ 34. Kf1 Qxc4+ 35. Kg1 35... Qd4+ {
- Jetzl,J-Czebe,A/FS IM May, Budapest HUN 1997 (35)}) 7. Bd3 Ba6 8. O-O Bxc3 9.
bxc3 Nf6 10. Re1 O-O 11. Bxa6 Nxa6 12. Qd3 Nb8 13. c4 Qb7 14. Ba3 Re8 15. d5
Nbd7 16. dxe6 Rxe6 17. Rxe6 fxe6 18. Re1 Re8 19. Nd4 Kf7 20. h3 20... a6 {
Lengyel,B-Hoang Thang Trang/FSGM April, Budapest HUN 1997/ - (47)}) 6... Nc6
$146 (6... Qd7 7. a3 Bd6 8. Ne4 b6 9. g3 Bb7 10. Bg2 Nc6 11. O-O Nf6 12. Nxf6+
gxf6 13. d5 Nd8 14. c4 e5 15. Re1 h5 16. Nf4 h4 17. Nh5 Be7 18. Qf3 hxg3 19.
hxg3 Kf8 20. Nxf6 Qd6 21. Ng4 Rh5 22. Bd2 Ne6 23. Nh6 {
1-0 Ciocaltea,V-Erosbek/Balkaniade-tm Sofia 1972 (23)}) 7. Be3 Qd8 8. a3 Bd6 9.
g3 {Staerkt f4} (9. Ng3 9... Nf6 $11) 9... Nf6 (9... Nge7 10. Bg2 $11) 10. Bg2
Qd7 (10... O-O 11. Nb5 $14) 11. O-O (11. Nb5 Na5 12. Qd3 12... O-O $14) 11...
O-O (11... Ne7 12. Bg5 $11) 12. Qd3 e5 13. Rad1 Ng4 14. Ne4 Qf5 15. Nxd6 15...
Qh5 {Es droht Matt} 16. h3 Nxe3 17. Qxe3 cxd6 18. g4 Qg6 19. Bxc6 (19. dxe5
dxe5 20. b4 20... f5 $11) 19... bxc6 20. dxe5 dxe5 21. Qc5 21... Ba6 $14 (21...
f5 22. Rd6 (22. Qxe5 $2 {ist ein Schlag ins Wasser} 22... Re8 23. Qa5 23...
Rxe2 $19) 22... Qf7 23. g5 $15) 22. Rfe1 (22. Qxe5 $2 {scheitert an} 22... Rae8
(22... Qxc2 $6 23. Nd4 Qxb2 24. Rfe1 $15) 23. Nf4 Rxe5 24. Nxg6 24... fxg6 $19)
22... Qh6 23. Kg2 $11 (23. Ng3 Rab8 (23... Qxh3 $143 24. Qxc6 h5 25. Qxa6 $18)
24. Kg2 Rb5 25. Qxa7 25... Bb7 $16) 23... f5 24. Rd6 (24. Qxe5 $2 {laeuft nicht
} 24... Rae8 25. Qg3 Rxe2 26. gxf5 Rxe1 (26... Rxc2 $6 {
ist schnell zu verwerfen} 27. Re6 g6 28. Qb3 Qg5+ 29. Kh1 Qxf5 30. Rxc6+ Bc4
31. Rxc4 Rxb2 32. Qxb2 Qf3+ 33. Kh2 Qxd1 34. Re4 $11) (26... Rxf5 27. Qb3+ Rd5
28. Rxd5 cxd5 29. Qxd5+ Kf8 30. Qf3+ Kg8 31. Rxe2 Bxe2 32. Qxe2 Qg6+ 33. Kf1
$18) 27. Rxe1 27... Bc8 $19 (27... Rxf5 {ist klar schwaecher} 28. Qb3+ Bc4 29.
Qxc4+ Rd5 30. Re8+ Kf7 31. Re5 $16)) 24... Qh4 25. Ng3 (25. gxf5 Bc8 26. Qb4
Qxb4 27. axb4 27... Bxf5 $14) 25... fxg4 26. hxg4 Qxg4 27. Qxc6 Qf4 28. f3 Bc4
29. b3 Bf7 30. Qe4 {Uebt Druck auf den Isolani e5 aus} 30... Rfc8 (30... Rac8
31. c4 Rb8 32. Qd3 $11) 31. c4 Rab8 32. Rd3 Bg6 33. Qd5+ Kh8 34. Rc3 Re8 35.
Ree3 $17 (35. Rce3 $5 $15 {ist zu beachten}) 35... Rbd8 36. Qb7 $2 $19 (36. Qc5
$142 36... e4 37. Re2 $17 (37. Nxe4 Bxe4 38. Rxe4 38... Rxe4 $19) (37. fxe4 $4
37... Rd2+ (37... Bxe4+ $6 38. Nxe4 Rxe4 39. Rcd3 $15 (39. Qxa7 $4 {
vergiftet...} 39... Rd2+ 40. Re2 Rexe2+ 41. Qf2 Rxf2+ 42. Kh3 Rh2#)) 38. Kh3
38... h5 $19 (38... Bxe4 $2 {funktioniert nicht} 39. Rxe4 Qh6+ 40. Nh5 Rh2+ 41.
Kxh2 Qd2+ 42. Kh3 Qxc3+ 43. Ng3 $18))) 36... Rd2+ 37. Ne2 (37. Re2 e4 38. Qc6
$19) 37... e4 38. Kg1 (38. Qc6 {nuetzt auch nichts mehr} 38... exf3+ 39. Qxf3
Be4 40. Rxe4 Qxe4 (40... Rxe4 41. Qxf4 Rxf4 42. Re3 $17) 41. Qxe4 41... Rxe4
$19) 38... Qh4 (38... Rd1+ 39. Kg2 Qg5+ 40. Ng3 Rd2+ 41. Re2 Rxe2+ 42. Kh3 Bf5+
43. Nxf5 Qg2+ 44. Kh4 Qh2+ 45. Kg4 Rg2+ 46. Ng3 Qxg3+ 47. Kh5 Rh2#) 39. Rc1
39... Rxe2 {Droht Matt: Qf2} 40. Rxe2 Qg5+ 41. Kf2 Qxc1 42. Qb4 Qf4 43. Re3 (
43. Kg1 $19 {ist der letzte Strohhalm}) 43... Qh2+ 44. Kf1 {Droht Qe1} 44...
Rd8 $1 {macht alles klar. Es droht Matt} 45. Re2 Qh1+ 46. Kf2 {
Schwarz darf nun die Drohung Qe1 nicht uebersehen} 46... Qxf3+ 47. Ke1 {
Wenn Weiss jetzt zu Rd2 kaeme...} 47... e3 48. Qf8+ Rxf8 49. Kd1 Qf1+ 50. Re1
Qd3+ 51. Kc1 Qd2# 0-1

[Event "ICS Rated blitz match"]
[Site "207.99.83.227"]
[Date "1999.04.22"]
[Round "?"]
[White "Hossa"]
[Black "rajah"]
[Result "0-1"]
[WhiteElo "2443"]
[BlackElo "2452"]
[Annotator "Fritz 5.32 (10s)"]
[PlyCount "174"]

1. d4 e6 2. Nf3 d5 3. Bf4 Nd7 4. e3 Ngf6 5. Bd3 Nh5 (5... Be7 6. h3 b6 7. O-O
Bb7 8. Nc3 O-O 9. Nb5 Ne8 10. c4 dxc4 11. Bxc4 Nd6 12. Nxd6 cxd6 13. Rc1 Nf6
14. Qe2 Ne4 15. Rc2 a6 16. Rfc1 Qd7 17. Nd2 Nxd2 18. Qxd2 Rfc8 19. Bd3 Rxc2 20.
Rxc2 {Karlic,Z-Brumen,D/Open, Zagreb CRO 1998/0-1 (45)}) 6. Bg3 Be7 7. O-O $15
(7. Nbd2 c5 8. c3 h6 9. e4 Nxg3 10. hxg3 cxd4 11. Nxd4 dxe4 12. Nxe4 Nf6 13.
Qe2 Bd7 14. O-O-O Nxe4 15. Bxe4 Qb6 16. Nf3 Bf6 17. Rh5 O-O-O 18. Qc4+ Kb8 19.
Qb3 Qxb3 20. axb3 g6 21. Rhh1 21... h5 {
Kadar,G-Tolnai,T/Zalakaros op 1996/0-1 (48)}) (7. c4 dxc4 8. Bxc4 Nxg3 9. hxg3
9... c5 $11) 7... Nxg3 8. fxg3 {Verwehrt dem Gegner h4} 8... O-O (8... c5 9. c3
$15) 9. c3 {Sichert b4} 9... b6 10. Qc2 Nf6 11. Ng5 {Im Brennpunkt: h7} 11...
h6 $14 (11... g6 12. Nf3 $11) 12. Rxf6 hxg5 ({Nicht} 12... Bxf6 13. Bh7+ Kh8
14. Bg8 $16) 13. Rf1 Bb7 14. Qe2 Qd6 15. Qh5 $11 (15. Nd2 15... e5 $14) 15...
f5 16. g4 Rf6 17. Qxg5 (17. gxf5 Rh6 18. Qg4 Qxh2+ 19. Kf2 19... Rf8 $15) 17...
Rh6 18. Qf4 fxg4 19. Nd2 c5 20. dxc5 $15 (20. Be2 $5 20... cxd4 21. cxd4 Qxf4
22. exf4 $14 (22. Rxf4 $143 22... Bg5 $15)) 20... Qxf4 21. exf4 Bxc5+ (21...
bxc5 $6 22. Be2 $11) 22. Kh1 Kf7 23. f5 23... Rah8 $17 (23... e5 $5 $19) 24.
fxe6+ 24... Ke7 {Droht Matt} 25. h3 25... gxh3 $1 {haelt den Vorteil fest} ({
Schwaecher ist} 25... Rxe6 26. Bf5 d4 27. Bxg4 (27. Bxe6 $2 {ist nicht korrekt}
27... Rxh3+ 28. Kg1 dxc3+ 29. Rf2 29... Rg3 $19 (29... Bxf2+ $6 30. Kxf2 g3+
31. Kg1 $17)) 27... dxc3 28. Rae1 Rxe1 29. Rxe1+ Kf6 30. bxc3 $16) 26. Rf7+
Kxe6 27. Rxb7 hxg2+ 28. Kxg2 Rh2+ 29. Kf3 R8h3+ (29... Rxd2 $6 30. Re1+ Kf6 31.
Rf1 $19) 30. Kg4 30... Rxd3 {Mit der Mattdrohung Rg2} 31. Nf3 Rg2+ 32. Kh3
32... Rf2 {Mit der Mattdrohung Rfxf3} (32... Rxf3+ {verbietet sich, da} 33.
Kxg2 Rf2+ 34. Kg3 Rxb2 35. Rxa7 $14) (32... Rxb2 {kommt nicht in Frage} 33.
Re1+ Kf6 34. Rf1 Rxa2 35. Kg4 Rxc3 36. Ng5+ Kg6 37. Nf3 $19) 33. Kg4 (33. Rxg7
{macht keinen grossen Unterschied} 33... Rfxf3+ 34. Kh2 Rd2+ 35. Rg2 Rxg2+ 36.
Kxg2 Rf2+ 37. Kh3 37... Rxb2 $19) 33... Rdxf3 (33... Rfxf3 34. Rh1 Kf6 35. Rh2
$19) 34. Rxg7 Rxc3 (34... Re3 {damit wuerde Schwarz es sich noch erleichtern}
35. Rg6+ Kf7 36. Rh6 $19) 35. bxc3 Rg2+ 36. Kf3 Rxg7 37. Re1+ Kd6 38. Re8 (38.
Rh1 {hilft allerdings auch nicht} 38... Rf7+ 39. Kg4 39... Ba3 $19) 38... Rf7+
39. Kg4 Rf2 40. a4 Ra2 41. Rd8+ Ke5 42. Re8+ Kf6 43. a5 (43. Rd8 {
hilft auch nicht mehr} 43... Rxa4+ 44. Kf3 44... Re4 $19) 43... bxa5 {
a5 setzt sich schnell in Bewegung} 44. Rd8 Rg2+ 45. Kf4 Rg5 (45... Rf2+ {
waere im Gewinnsinne praeziser} 46. Kg4 Ke6 47. Re8+ Kd6 48. Rh8 $19) 46. Rc8 (
46. Kf3 {kann das Vorangegangene nicht ungeschehen machen} 46... a4 47. Rc8 Bb6
48. Rf8+ Ke6 49. Re8+ 49... Kd6 $19) 46... Bd6+ (46... Rf5+ {ist genauer} 47.
Kg3 Bd6+ 48. Kg2 $19) 47. Ke3 a4 48. Kd4 a3 49. Rc6 Ke6 50. Kd3 (50. Ra6 {
waere gleichermassen fruchtlos} 50... Rg7 $19) 50... a5 {Droht Matt: a2} 51.
Kc2 a2 (51... Rg2+ {waere im Gewinnsinne praeziser} 52. Kb1 Kd7 53. Ra6 a2+ 54.
Ka1 $19) 52. Kb2 Rg2+ 53. Ka1 a4 (53... Kd7 $5 $142 {
laesst dem Gegner kaum Chancen} 54. Rb6 Be5 55. Rb7+ Kd8 56. Rb3 $19) 54. Ra6
a3 55. Ra4 (55. Ra8 Be5 56. Rxa3 d4 57. Ra6+ Kf5 58. Rxa2 dxc3 59. Rxg2 c2+ 60.
Ka2 60... c1=Q $19) 55... Rb2 56. Ra6 Ke5 (56... Rc2 {ginge schneller} 57. Rb6
$19) 57. Ra8 Be7 58. Rc8 (58. Ra7 {aendert nichts mehr} 58... Ke6 $19) 58...
Kf6 59. Ra8 Kf5 (59... Rc2 {damit wuerde Schwarz es sich noch erleichtern} 60.
Ra6+ Kf5 61. Ra8 $19) 60. Ra5 Rd2 61. Ra4 Ke6 62. Ra6+ Bd6 63. Rc6 Ke5 (63...
Kd7 {erleichterte Schwarz die Gewinnfuehrung} 64. Ra6 $19) 64. Ra6 Rc2 65. Rb6
Rf2 (65... Bc5 {und Schwarz haette es noch leichter} 66. Rc6 Rxc3 67. Rh6 $19)
66. Ra6 Re2 67. Ra8 Kf5 68. Rd8 Ke6 (68... Be5 $5 {gibt noch groesseren Vorteil
} 69. Rxd5 Ke4 70. Rc5 $19) 69. Re8+ Be7 70. Rg8 70... Kf7 {Es droht Matt} 71.
Ra8 Rb2 (71... Bf6 {waere im Gewinnsinne praeziser} 72. Ra7+ Kg6 73. Ra6 $19)
72. Ra6 Rf2 73. Ra5 Rc2 74. Ra7 Rxc3 75. Kxa2 d4 76. Kb1 (76. Ra4 {
holt die Kuh nicht vom Eis} 76... d3 77. Rf4+ Kg6 78. Rg4+ 78... Kh5 $19) 76...
d3 {Schwarz zwingt den Gegner mit starken Drohungen nieder} 77. Ka2 Rc2+ (77...
Rc8 $5 {laesst dem Gegner kaum Chancen} 78. Rd7 Rd8 79. Rb7 $19) 78. Kb3 (78.
Kb1 {aendert den traurigen Lauf der Dinge nicht} 78... Ke6 79. Ra6+ Kd5 80.
Ra5+ 80... Kc4 $19) 78... a2 79. Ra6 Bf6 80. Ra7+ Kg6 81. Ra8 Rb2+ 82. Kc4
82... d2 {Droht Matt} 83. Rg8+ Bg7 84. Kd5 (84. Rd8 {
waere gleichermassen fruchtlos} 84... a1=Q 85. Rd6+ Kf5 86. Rd4 Qa6+ 87. Kd5
Qb7+ 88. Kc4 Qb5+ 89. Kc3 d1=N#) 84... d1=Q+ 85. Ke4 (85. Kc6 {
aendert nichts am Ausgang der Partie} 85... Rc2+ 86. Kb5 Qb1+ 87. Ka4 a1=Q#)
85... Qd4+ 86. Kf3 Qd3+ 87. Kf4 Rb4# 0-1

[Event "ICS Rated blitz match"]
[Site "207.99.83.227"]
[Date "1999.04.22"]
[Round "?"]
[White "rajah"]
[Black "Hossa"]
[Result "1-0"]
[WhiteElo "2468"]
[BlackElo "2427"]
[Annotator "Fritz 5.32 (10s)"]
[PlyCount "143"]

1. e4 e5 2. Nc3 Bb4 3. Nd5 Bc5 (3... Ba5 4. b4 c6 5. bxa5 cxd5 6. exd5 Nf6 7.
c4 Qxa5 8. Nf3 O-O 9. Be2 d6 10. O-O Nbd7 11. d4 e4 12. Nh4 b5 13. Nf5 bxc4 14.
Nxd6 Ba6 15. Bxc4 Bxc4 16. Nxc4 Qc3 17. Qb3 Qxa1 18. Bb2 {
Motwani,P-Gorbatow,A/op, Cappelle La Grande (3) 1996/0-1 (35)}) (3... a5 4. Nf3
c6 5. Nxb4 axb4 6. d4 exd4 7. Qxd4 Ne7 8. Qxg7 Rf8 9. Qxh7 d5 10. Bh6 Rg8 11.
Ne5 Be6 12. f4 f6 13. f5 Nd7 14. Nxd7 Bxd7 15. Be2 Qb6 16. g4 dxe4 17. Bc4 Rxg4
18. O-O-O Bxf5 19. Qf7# {1-0 Parzefall,J-Doeh,C/IECG 1997 (19)}) 4. b4 $146 (4.
Qg4 Kf8 5. Nf3 c6 6. Nc3 d6 7. Qg3 Nf6 8. Be2 Nh5 9. Qg5 Qxg5 10. Nxg5 Nf4 11.
O-O Nxe2+ 12. Nxe2 Bg4 13. Nf3 d5 14. exd5 cxd5 15. d4 Bxf3 16. gxf3 exd4 17.
Rd1 Nc6 18. c3 dxc3 19. Rxd5 cxb2 20. Bxb2 b6 21. Ng3 Rd8 22. Rxd8+ Nxd8 23.
Rd1 Ne6 24. Rd7 a5 25. Ra7 Kg8 26. Ra8+ Bf8 27. Rb8 h5 28. Rxb6 h4 29. Ne4 Rh5
30. Bc3 Rd5 31. Kf1 a4 32. Ra6 a3 33. Rb6 Rd3 34. Be5 Rxf3 35. Rb8 Rd3 36. Bd6
Rd1+ 37. Ke2 Ra1 38. Nc3 38... Rc1 {
Quest-Shredder/13th WMCCC, Paderborn GER (6) 1995/ - (63)}) 4... Bd6 5. Qg4 g6
6. Ba3 $15 (6. Nf3 Nf6 7. Nxf6+ 7... Qxf6 $14) 6... Nc6 $11 (6... a5 7. Qg3 $15
) 7. c3 $15 {Kontrolliert d4} (7. Qf3 7... a5 $11) 7... a5 8. Nf3 Nf6 9. Qh4
Nxd5 10. Qxd8+ Nxd8 (10... Kxd8 11. exd5 axb4 12. Bb2 bxc3 13. dxc3 $17) 11.
exd5 axb4 12. Bxb4 Bxb4 13. cxb4 13... d6 {Deckt e5} 14. Bb5+ c6 15. dxc6 bxc6
16. Bc4 Ra4 (16... Be6 17. d3 $11) 17. a3 Be6 18. Be2 Bb3 (18... Bd5 19. Bd1
Ra7 20. a4 $15) 19. O-O 19... O-O $14 (19... Ne6 20. Rfb1 Bd5 21. b5 $11) 20.
d4 20... f6 {Kontrolliert g5} 21. Rfc1 Bd5 22. Bc4 $11 (22. Kf1 22... Kf7 $14)
22... Bxc4 23. Rxc4 Re8 (23... h6 24. Nh4 Kf7 25. dxe5 fxe5 26. Rc3 $11) 24.
dxe5 fxe5 25. Rc3 25... h6 {Ueberdeckt g5} (25... Kf8 26. Rd1 Nf7 27. Rdc1 $11)
26. Rd1 d5 (26... Nf7 27. Kf1 $14) 27. Re1 27... e4 {Raumvorteil} 28. Nd4 {
Der rueckstaendige Bauer c6 wird angegriffen} 28... Kg7 29. Ra1 Ra6 30. a4 $11
(30. Rac1 30... Kf7 $14) 30... Re7 $14 (30... Kf6 31. a5 Ke5 32. Rd1 $11) 31.
a5 {Weiss engt den Gegner ein} 31... Rb7 32. Ra4 {Weiss erlangt Initiative}
32... Kf6 33. f3 exf3 (33... Ke5 34. Rc1 $14) 34. Rxf3+ Ke5 35. Nb3 Rb5 (35...
Rf7 36. Rh3 $16) 36. Re3+ (36. Nc5 36... Ra7 $16) 36... Kf6 (36... Kd6 37. Nd4
Rb7 38. Re8 $16) 37. Nc5 Ra7 (37... Rxc5 38. bxc5 Ne6 39. Ra2 $18) 38. Re8 (38.
Kf2 $5 38... Kf5 $16) 38... Ra8 (38... Nb7 39. Nd7+ Kf7 40. Re1 $16) 39. Rh8 (
39. a6 39... Rbb8 $18) 39... h5 40. a6 Rbb8 41. a7 41... Rc8 $2 (41... Rb5 $18
$142) 42. Rh7 (42. Nd7+ $5 $142 {und Weiss haette es noch leichter} 42... Kg7
43. Nb6 Kxh8 44. Nxc8 44... Ne6 $18) 42... Kf5 (42... Nf7 43. Ra1 Ng5 44. Rf1+
Ke5 45. Re7+ Kd4 46. Rf4+ Ne4 47. Nxe4 dxe4 48. Rfxe4+ Kd5 49. R4e5+ Kc4 50.
Rc5+ Kb3 51. Rb7 $18) 43. Ra3 Kg5 (43... g5 44. Rf3+ 44... Ke5 $18) 44. Na4 (
44. Rg3+ $142 {sichert den Gewinn} 44... Kf5 45. Rf3+ 45... Kg5 $18) 44... Ne6
(44... c5 45. Nb6 cxb4 46. Ra5 $18) 45. Nb6 Rd8 46. Rg3+ (46. Rf7 {
erleichterte Weiss die Gewinnfuehrung} 46... Nd4 $18) 46... Kf6 47. Rf3+ Ke5
48. Nxa8 Rxa8 49. Rc3 (49. Rd7 {gibt noch groesseren Vorteil} 49... Nd4 50.
Re3+ 50... Kf6 $18) 49... Kd6 50. h4 Nf4 (50... Nd4 51. Kf2 51... Nf5 $18) 51.
Rf3 Ke5 (51... Ne2+ {aendert nichts mehr} 52. Kf2 Nd4 53. Rf6+ Ke5 54. Rxg6 $18
) 52. Re7+ Kd6 53. Re1 (53. Rxf4 {ist sichtlich schwaecher} 53... Kxe7 54. Kf2
54... Rxa7 $19) 53... Nd3 54. Rxd3 Rxa7 55. Rf1 (55. Rf3 {ist genauer} 55...
Ra4 56. Rf6+ 56... Kd7 $18) 55... Rb7 (55... Ra4 {
kann das Vorangegangene nicht ungeschehen machen} 56. Rf6+ Ke5 57. Rxc6 Rxb4
58. Rxg6 $18) 56. Rf6+ Ke5 57. Rxc6 Rxb4 58. Rxg6 58... Ke4 {
Schwarz bereitet d4 vor} 59. Rd1 d4 60. Re6+ {Weiss erhaelt Koenigsangriff}
60... Kf5 61. Rh6 d3 (61... Ke4 {hilft auch nicht mehr} 62. Re1+ Kd3 63. Rxh5
$18) 62. Rxh5+ Kg4 63. Rd5 (63. Rh8 {
damit wuerde Weiss es sich noch erleichtern} 63... Rd4 $18) 63... Rb2 (63...
Kxh4 {holt die Kuh nicht vom Eis} 64. R1xd3 Kg4 65. Kf2 $18) 64. R1xd3 {
Es droht Matt} 64... Kf4 65. h5 Rc2 (65... Ke4 $18 {
lenkt den Gegner vielleicht noch ab}) 66. h6 Rb2 67. h7 {
Mit der Mattdrohung h8Q} 67... Rb8 68. Kf2 {Droht Matt: R3d4} 68... Rb2+ 69.
Rd2 Rb4 (69... Rxd2+ {hilft allerdings auch nicht} 70. Rxd2 Kf5 71. h8=Q Ke6
72. Qe8+ Kf5 73. Qf7+ Kg5 74. Rd5+ Kg4 75. Qf3+ Kh4 76. Qg3#) 70. h8=Q Kg4 71.
Qh5+ Kf4 72. Qf3# 1-0

[Event "ICS Rated blitz match"]
[Site "207.99.83.227"]
[Date "1999.04.22"]
[Round "?"]
[White "Hossa"]
[Black "rajah"]
[Result "1-0"]
[WhiteElo "2413"]
[BlackElo "2482"]
[Annotator "Fritz 5.32 (10s)"]
[PlyCount "61"]

1. c4 e5 2. Nc3 Nf6 3. Nf3 Nc6 4. e4 Bb4 5. d3 O-O 6. Be2 d6 7. O-O Bxc3 8.
bxc3 8... Bg4 $146 (8... Ne7 9. c5 Ng6 10. cxd6 Qxd6 11. Qc2 Bg4 12. Be3 Rfd8
13. d4 Re8 14. d5 Bxf3 15. Bxf3 Nd7 16. c4 Nc5 17. Rab1 b6 18. Rb4 a6 19. Bxc5
bxc5 20. Rb3 Ne7 21. Rfb1 Nc8 22. Bg4 Nb6 23. Be2 g6 24. Qd2 Kg7 25. Rh3 h5 26.
Rg3 Rh8 27. h3 Nd7 28. Rgb3 Nb6 29. Qe3 {- Rohde Michael A-Tiviakov Sergei/
PCA Qualifier (active), New York (USA) 1994 (29)}) (8... b6 9. Rb1 $11) (8...
h6 9. Ne1 a6 10. a4 Nd7 11. f4 exf4 12. Bxf4 Nc5 13. Nc2 f5 14. exf5 Bxf5 15.
Ne3 Bg6 16. d4 Ne6 17. Bg3 Qg5 18. Nd5 Ne7 19. Rxf8+ Rxf8 20. Bg4 Bf5 21. Nxe7+
Qxe7 22. Bf3 c6 23. Qe2 Qd7 24. Re1 Ng5 25. Qe7 d5 26. c5 Nxf3+ 27. gxf3 Rf7
28. Qxd7 28... Bxd7 {
- Ye Rongguang-Sokolov,I/Lost Boys, Antwerp BEL (8) 1996 (28)}) 9. Rb1 Rb8 (
9... Bc8 10. Nd2 $11) 10. a4 a5 11. Ng5 Qd7 12. f4 Bxe2 13. Qxe2 h6 14. fxe5
dxe5 15. Nh3 Rfd8 16. Nf2 Qe6 17. Be3 17... Qd6 $14 (17... b6 18. Qf3 $11) 18.
Qf3 $11 (18. c5 18... Qe6 $14) 18... Qa3 $14 (18... b6 $5 $11) 19. Bxh6 {
fuer Weiss fuehrt kein Weg daran vorbei, das Material zurueckzugeben} 19...
Qxc3 $18 (19... Rd6 $5 $142 20. Ng4 20... Nd8 $16) 20. Ng4 {
Droht Matt: Nxf6. Weiss erhaelt entscheidenden Koenigsangriff} 20... Rd6 (20...
Qd4+ 21. Kh1 Qd6 22. Bxg7 (22. Nxf6+ $6 22... Qxf6 23. Qxf6 23... gxf6 $16)
22... Kxg7 23. Nxf6 $18 (23. Qxf6+ $6 23... Qxf6 24. Rxf6 24... Rxd3 $14)) 21.
Bxg7 $1 {und der Wal spuckt Jonas wieder aus} (21. Nxf6+ $2 {
haelt einer naeheren Pruefung nicht stand} 21... Rxf6 22. Qh5 Qd4+ (22... Rxh6
$6 23. Qxf7+ Kh7 24. Qf5+ Kh8 25. Rxb7 $17) 23. Kh1 23... Qxd3 $19 (23... Rxh6
$6 24. Qxf7+ Kh8 25. Rxb7 $17)) 21... Kxg7 22. Nxf6 {Droht Matt} 22... Qd4+ 23.
Kh1 Kf8 (23... Qxd3 {bot noch bessere Widerstandsmoeglichkeiten} 24. Ne8+ $1 {
ein unangenehmes Schach} 24... Rxe8 25. Qxf7+ Kh6 26. Qxe8 b6 27. Qf8+ Kg6 28.
Qg8+ 28... Kh6 $18) 24. Nh7+ 24... Kg8 {
Weiss darf Schwarz nun nicht zu Nd8 kommen lassen} 25. Qxf7+ Kh8 26. Nf6 {
Mit der Mattdrohung Qh7} (26. Qxc7 Rd7 27. Qb6 Rxh7 28. Qxd4 28... Nxd4 $15)
26... Rxf6 27. Qxf6+ Kg8 (27... Kh7 {macht keinen grossen Unterschied} 28. Qf7+
Kh8 29. Rf5 Qg1+ 30. Rxg1 b5 31. Rh5#) 28. Qg6+ Kh8 29. Rf7 Qg1+ 30. Rxg1 Nb4 (
30... b5 {aendert den traurigen Lauf der Dinge nicht} 31. Qg7#) 31. Qg7# 1-0

[Event "ICS Rated blitz match"]
[Site "207.99.83.227"]
[Date "1999.04.22"]
[Round "?"]
[White "rajah"]
[Black "Hossa"]
[Result "1-0"]
[WhiteElo "2463"]
[BlackElo "2432"]
[Annotator "Fritz 5.32 (10s)"]
[PlyCount "61"]

1. e4 e5 2. Bc4 Nf6 3. d3 d5 4. exd5 Nxd5 5. Nf3 Bg4 (5... f6 6. O-O Nb6 7. Bb3
Nc6 8. a4 a5 9. Nc3 Bg4 10. Nb5 Qe7 11. h3 Bh5 12. Be6 Bf7 13. Bxf7+ Qxf7 14.
Qe1 O-O-O 15. Bd2 Nb4 16. Bxb4 Bxb4 17. c3 Be7 18. b4 Qb3 19. bxa5 Nxa4 20. Rb1
Qc2 21. Nfd4 Qxd3 22. Na7+ Kb8 23. Nac6+ Ka8 24. Nxd8 Nxc3 25. a6 bxa6 26. N8c6
{1-0 Tischbierek,R-Appleberry,M/New York op 1994 (26)}) 6. h3 Bxf3 7. Qxf3 c6
8. O-O $146 (8. Nc3 Bb4 9. O-O Bxc3 10. bxc3 O-O 11. Qg3 Qf6 12. Bg5 {
0-1 Kodric,V-Znuderl,M/Portoroz 1996 (12)}) 8... Nf6 9. Re1 {
Weiss erhaelt Koenigsangriff} 9... Nbd7 10. d4 10... Qa5 $16 (10... Bd6 $5 $14
{ist nicht von der Hand zu weisen}) 11. Bd2 Bb4 12. dxe5 Bxd2 (12... Nd5 13.
Bxd5 cxd5 14. e6 $18) 13. Nxd2 O-O-O 14. exf6 Qxd2 15. fxg7 Rhg8 16. Qxf7 Qd4
17. Re7 Qxb2 (17... Kb8 {nuetzt auch nichts mehr} 18. Rae1 $18) 18. Rae1 Nf6 (
18... Qb4 {aendert den traurigen Lauf der Dinge nicht} 19. Bd3 $18) 19. c3 Nd5
(19... Rxg7 20. Qxg7 Nd7 21. Be6 $18) 20. Bxd5 {Es droht Matt} 20... cxd5 21.
Re8 Qxc3 22. Rxg8 {Droht Matt} 22... Qxe1+ 23. Kh2 Rxg8 24. Qxg8+ Kc7 25. Qxd5
{Es droht Matt} 25... Qxf2 26. Qe5+ (26. Qc4+ Kb6 27. g8=Q Qc5 28. Qd8+ Kc6 29.
Qc8+ Kb6 30. Q8xc5#) 26... Kb6 (26... Kd8 {aendert nichts mehr} 27. Qd6+ Ke8
28. g8=Q+ Qf8 29. Qgxf8#) 27. g8=Q Qc5 28. Qb3+ Kc6 29. Qe8+ 29... Kc7 {
Mit b5 waere Schwarz nun aus dem Groebsten heraus} 30. Qef7+ Kd8 31. Qd3+ (31.
Qd3+ Qd6+ 32. Qxd6+ Kc8 33. Qfe6#) 1-0

[Event "ICS Rated blitz match"]
[Site "207.99.83.227"]
[Date "1999.04.22"]
[Round "?"]
[White "Hossa"]
[Black "rajah"]
[Result "1-0"]
[WhiteElo "2417"]
[BlackElo "2478"]
[PlyCount "183"]

1. e4 c5 2. c3 d5 3. exd5 Qxd5 4. d4 e6 5. Nf3 a6 6. Bd3 cxd4 7. cxd4 Bb4+ 8.
Nc3 Qa5 9. Bd2 Nf6 10. a3 Bxc3 11. Bxc3 Qd5 12. O-O Nc6 13. Qd2 O-O 14. Rae1
Rd8 15. Qf4 Qd6 16. Qh4 h6 17. Bc4 b5 18. Bb3 Bb7 19. Qg3 Qxg3 20. fxg3 a5 21.
a4 b4 22. d5 Nxd5 23. Bd2 Rd7 24. Rf2 Rad8 25. Bc4 Nf6 26. Bf4 Rd1 27. Rff1
Rxe1 28. Rxe1 Nd4 29. Nxd4 Rxd4 30. Bb5 Nd5 31. Bc1 e5 32. h3 e4 33. Kf2 h5 34.
Be2 b3 35. Bxh5 Rxa4 36. Be2 Kh8 37. Bb5 Rd4 38. Be3 Nxe3 39. Kxe3 Rb4 40. Be8
Kg8 41. Rf1 f6 42. Bg6 Kf8 43. Rc1 a4 44. Rc7 f5 45. Rf7+ Kg8 46. Rxf5 Rb6 47.
Bf7+ Kh8 48. Bc4 a3 49. Rh5+ Rh6 50. Rxh6+ gxh6 51. bxa3 b2 52. Ba2 Bc6 53. Bb1
Kg7 54. Kd2 Kf8 55. g4 Bd5 56. Ke3 Bb7 57. a4 Ke8 58. Kd2 Kf8 59. g3 Bd5 60.
Ke3 Bb7 61. Kd4 Kg8 62. Bc2 Bc6 63. a5 Kg7 64. a6 Ba8 65. a7 Kf6 66. Bb1 Ke7
67. Kc3 e3 68. Kd3 Kd8 69. Kxe3 Kc7 70. Kd4 Bf3 71. Kc3 Kb7 72. Kxb2 Kxa7 73.
Bd3 Kb6 74. Kc3 Kc5 75. Bf1 Kd5 76. Kd3 Be4+ 77. Ke3 Ke5 78. Bd3 Bxd3 79. Kxd3
Kd5 80. h4 Ke5 81. Ke3 Ke6 82. Kf4 Kf6 83. g5+ hxg5+ 84. hxg5+ Kg6 85. Kg4 Kf7
86. Kf5 Ke7 87. g6 Kf8 88. Kf6 Kg8 89. g7 Kh7 90. Kf7 Kh6 91. g8=Q Kh5 92. Qg6#
{rajah checkmated} 1-0

[Event "ICS Rated blitz match"]
[Site "207.99.83.227"]
[Date "1999.04.22"]
[Round "?"]
[White "TDChess"]
[Black "Hossa"]
[Result "1-0"]
[WhiteElo "2509"]
[BlackElo "2436"]
[Annotator "Crafty v16.6"]
[PlyCount "84"]

{annotating for player Hossa using a scoring margin of +0.10 pawns. search
time limit is 10.00} 1. d4 1... e6 2. Nf3 Nf6 3. e3 d5 ({7:-0.36} 3... d5 4.
Bb5+ c6 5. Bd3 Bb4+ 6. Bd2 Bxd2+ 7. Nbxd2 Qb6 8. O-O 8... Qxb2 $14) ({7:-0.17} 
3... c5 4. Bd3 cxd4 5. exd4 Bb4+ 6. Bd2 Bxd2+ 7. Nbxd2 O-O 8. O-O 8... Nc6 $10)
4. c4 Bd6 5. c5 Be7 6. Bd3 O-O 7. Nc3 b6 8. cxb6 axb6 9. O-O Ba6 10. b3 Bb4 11.
Bb2 Bxc3 12. Bxc3 Ne4 13. Bb2 Qf6 14. a4 Bxd3 15. Qxd3 c6 16. Nd2 Nxd2 17. Qxd2
Qg5 18. Rfc1 Qg4 19. Qb4 Ra6 20. Qe7 Rc8 21. Ba3 Qe2 22. Qb7 Rd8 23. Bd6 e5 24.
Bxb8 exd4 25. exd4 Re8 26. Qxc6 Qe7 27. Bc7 Qe4 28. Bxb6 Raa8 29. a5 Rab8 30.
a6 Qe6 31. a7 Ra8 32. Qb7 Kh8 33. h3 Qf6 34. Bc7 Qe7 35. Re1 Qxe1+ 36. Rxe1
Rxe1+ 37. Kh2 Ree8 38. Bb8 Rxa7 39. Bxa7 f6 40. Qxd5 h6 41. Qf7 Rc8 42. Bc5 Rg8
1-0